Statistics for Countries former names#3

Click here to take the quiz!

General Stats

  • This quiz has been taken 28 times
  • The average score is 3 of 10

Answer Stats

Current nameAnswer% Correct
IranPersia
100%
IsraelPalestine
64%
KiribatiGilbert Islands
32%
MadagascarMalagasy Republic
32%
JordanTransjordan
28%
MalawiNyasaland
28%
MaliFrench Sudan
24%
LesothoBasutoland
16%
MexicoNew Spain
12%
IrelandIrish Free State
8%

Score Distribution

Percentile by Number Answered

Percent of People with Each Score

Your Score History

You have not taken this quiz